[Event "DEM U12/U12w 2000"]
[Site "Überlingen GER"]
[Date "2000.06.05"]
[Round "3"]
[White "Horstmann, Sven"]
[Black "Gossmann, Anna Maria"]
[Result "1-0"]
[Termination "time forfeit"]
[Board "25"]
[WhiteElo "1252"]
[BlackElo "820"]
[PlyCount "53"]
[EventCountry "GER"]
[EventRounds "11"]
[EventType "swiss"]
[EventDate "2000.06.03"]

1. e4 e5 2. f4 Nc6 3. Nf3 Bc5 4. c3 Nf6 5. fxe5 Nxe4 6. d4 Be7 7. Bf4 f6 8.
Nbd2 Ng5 9. Bd3 O-O 10. Bxg5 fxg5 11. Qc2 g4 12. Bxh7+ Kh8 13. Ng1 d6 14. O-O-O
Bg5 15. Kb1 Rf2 16. Be4 dxe5 17. h4 Bh6 18. d5 Ne7 19. Qd3 Nf5 20. Nc4 Qf6 21.
Re1 Bf4 22. Ne2 Bd7 23. g3 Bh6 24. Rhf1 Rxf1 25. Rxf1 Rf8 26. d6 c6 27. Na5 1-0

[Event "DEM U12/U12w 2000"]
[Site "Überlingen GER"]
[Date "2000.06.05"]
[Round "3"]
[White "Klink, Otto"]
[Black "Bayer, Marius"]
[Result "0-1"]
[Termination "normal"]
[Board "27"]
[WhiteElo "882"]
[BlackElo "1234"]
[PlyCount "76"]
[EventCountry "GER"]
[EventRounds "11"]
[EventType "swiss"]
[EventDate "2000.06.03"]

1. e4 c5 2. Nf3 Nc6 3. d4 cxd4 4. Nxd4 Nf6 5. Nc3 e5 6. Ndb5 d6 7. Bg5 a6 8.
Na3 b5 9. Nd5 Be7 10. Nxf6+ Bxf6 11. Bxf6 Qxf6 12. Be2 O-O 13. O-O Qg6 14. Bd3
Nd4 15. Kh1 f5 16. Re1 f4 17. f3 Rf6 18. c3 Nc6 19. c4 b4 20. Nc2 Qg5 21. Qe2
Rh6 22. Qf2 Bd7 23. Rad1 Rf8 24. c5 Kh8 25. cxd6 Rff6 26. Bf1 Rfg6 27. Bxa6 Qh5
28. Qg1 Rg5 29. Bf1 Qg6 30. Rd5 Rgh5 31. h3 Rh4 32. Rc5 Qh5 33. Qh2 Rg6 34. Rc1
Rg3 35. Nxb4 Bxh3 36. Qxg3 fxg3 37. gxh3 Qxf3+ 38. Bg2 Rxh3+ 0-1

[Event "DEM U12/U12w 2000"]
[Site "Überlingen GER"]
[Date "2000.06.05"]
[Round "3"]
[White "Backes, Marco"]
[Black "Colloseus, Christian"]
[Result "0-1"]
[Termination "normal"]
[Board "28"]
[WhiteElo "842"]
[BlackElo "1231"]
[PlyCount "42"]
[EventCountry "GER"]
[EventRounds "11"]
[EventType "swiss"]
[EventDate "2000.06.03"]

1. e4 e5 2. Nf3 Nc6 3. Bc4 Bc5 4. c3 d6 5. d4 exd4 6. cxd4 Bb4+ 7. Bd2 Bxd2+ 8.
Nbxd2 Bg4 9. Qb3 Na5 10. Qa4+ c6 11. h3 b5 12. Bxb5 cxb5 13. Qxb5+ Bd7 14. e5
Bxb5 15. a4 Bc6 16. O-O Bxf3 17. Nxf3 dxe5 18. Nxe5 Qxd4 19. Rfe1 Ne7 20. Rad1
Qxa4 21. Ra1 Qb5 0-1

[Event "DEM U12/U12w 2000"]
[Site "Überlingen GER"]
[Date "2000.06.05"]
[Round "3"]
[White "Riedel, Kristina"]
[Black "Scholtes, Benedikt"]
[Result "0-1"]
[Termination "normal"]
[Board "29"]
[WhiteElo "765"]
[BlackElo "1223"]
[PlyCount "52"]
[WhiteFideId "24659282"]
[BlackFideId "24675423"]
[EventCountry "GER"]
[EventRounds "11"]
[EventType "swiss"]
[EventDate "2000.06.03"]

1. e4 c5 2. Nf3 Nc6 3. Nc3 Nf6 4. d4 b6 5. Bf4 d6 6. Bb5 Bd7 7. O-O g6 8. Bc4
Bg4 9. Qd3 Bxf3 10. Qxf3 Nxd4 11. Qd3 Bg7 12. Nd5 O-O 13. Nxf6+ Bxf6 14. Bd5
Rc8 15. c3 Nc6 16. g3 g5 17. Be3 Ne5 18. Qe2 e6 19. Bb3 c4 20. Bc2 d5 21. exd5
Qxd5 22. Rad1 Qc6 23. Qh5 Nf3+ 24. Kg2 Nh4+ 25. Kh3 g4+ 26. Kxg4 Qf3+ 0-1

[Event "DEM U12/U12w 2000"]
[Site "Überlingen GER"]
[Date "2000.06.05"]
[Round "3"]
[White "Andok, Claus Michael"]
[Black "Tischer, Jana"]
[Result "1/2-1/2"]
[Termination "normal"]
[Board "30"]
[WhiteElo "1217"]
[BlackElo "749"]
[PlyCount "48"]
[WhiteFideId "24602000"]
[BlackFideId "24617164"]
[EventCountry "GER"]
[EventRounds "11"]
[EventType "swiss"]
[EventDate "2000.06.03"]

1. d4 d5 2. c4 c6 3. cxd5 cxd5 4. Bf4 Nc6 5. e3 Nf6 6. Nc3 Bf5 7. Bb5 e6 8. a3
Be7 9. Nge2 O-O 10. Ng3 Bg6 11. O-O a6 12. Bxc6 bxc6 13. b4 Re8 14. f3 Nd7 15.
Na4 Bf6 16. e4 Nb6 17. e5 Bh4 18. Nc5 Nc4 19. Qa4 Qb6 20. Nd7 Qb5 21. Nc5 Qxa4
22. Nxa4 Bd3 23. Rf2 f6 24. Nc5 Bg6 1/2-1/2

[Event "DEM U12/U12w 2000"]
[Site "Überlingen GER"]
[Date "2000.06.05"]
[Round "3"]
[White "Lörincz, Benjamin"]
[Black "Stemmler, Lysan"]
[Result "1/2-1/2"]
[Termination "normal"]
[Board "31"]
[WhiteElo "1137"]
[BlackElo "447"]
[PlyCount "55"]
[BlackFideId "24622451"]
[EventCountry "GER"]
[EventRounds "11"]
[EventType "swiss"]
[EventDate "2000.06.03"]

1. Nf3 Nf6 2. d4 g6 3. e3 Bg7 4. Nbd2 d6 5. e4 Nbd7 6. b3 e5 7. d5 O-O 8. Bd3
Nc5 9. Bb2 a5 10. O-O h5 11. h4 Nh7 12. Rc1 Bg4 13. Be2 b6 14. Bb5 g5 15. hxg5
Nxg5 16. g3 Qf6 17. Kg2 h4 18. gxh4 Nxf3 19. Nxf3 Qg6 20. Qe2 Nxe4 21. Bd3 Bf5+
22. Kh2 Nf6 23. Bxf5 Qxf5 24. Rg1 Nxd5 25. Rg3 c6 26. Rcg1 Kh8 27. Rxg7 Nf4 28.
Qf1 1/2-1/2

[Event "DEM U12/U12w 2000"]
[Site "Überlingen GER"]
[Date "2000.06.05"]
[Round "3"]
[White "Bräutigam, Thorben"]
[Black "Janiesch, Maike"]
[Result "0-1"]
[Termination "normal"]
[Board "32"]
[WhiteElo "1123"]
[BlackElo "465"]
[PlyCount "76"]
[EventCountry "GER"]
[EventRounds "11"]
[EventType "swiss"]
[EventDate "2000.06.03"]

1. e4 e5 2. Nf3 Nc6 3. Bc4 Nf6 4. Nc3 Bb4 5. O-O Bxc3 6. dxc3 d6 7. Bg5 h6 8.
Bh4 Bg4 9. Qd3 Qe7 10. Nd2 Be6 11. Bb3 g5 12. Bg3 a6 13. h4 O-O-O 14. a4 d5 15.
exd5 Nxd5 16. Nf3 Nf4 17. Qe3 f6 18. Ba2 Bf5 19. Rac1 Rd7 20. b4 b6 21. Bb3 Nd5
22. Bxd5 Rxd5 23. Qe2 a5 24. c4 Rdd8 25. c5 Nxb4 26. cxb6 cxb6 27. c3 Bd3 28.
cxb4+ Kb7 29. Qe3 Bxf1 30. Qe4+ Ka7 31. Kxf1 Rc8 32. Rb1 axb4 33. Rxb4 f5 34.
Qxe5 Qxb4 35. Qxf5 Rc1+ 36. Ke2 Qc4+ 37. Ke3 Rc3+ 38. Kd2 Rd8+ 0-1

[Event "DEM U12/U12w 2000"]
[Site "Überlingen GER"]
[Date "2000.06.05"]
[Round "3"]
[White "Scholz, Katharina"]
[Black "Krenz, Sarah"]
[Result "0-1"]
[Termination "time forfeit"]
[Board "33"]
[WhiteElo "750"]
[BlackElo "1122"]
[PlyCount "78"]
[EventCountry "GER"]
[EventRounds "11"]
[EventType "swiss"]
[EventDate "2000.06.03"]

1. d4 Nf6 2. c4 g6 3. Nc3 Bg7 4. Nf3 O-O 5. e3 d6 6. Be2 Nbd7 7. O-O b6 8. Re1
Bb7 9. Qc2 e5 10. dxe5 Nxe5 11. Nxe5 dxe5 12. Rd1 Qe7 13. e4 Rad8 14. Be3 Rd7
15. Rxd7 Nxd7 16. Nd5 Bxd5 17. cxd5 Qd6 18. Rc1 Rc8 19. Ba6 Rd8 20. Qxc7 Qxc7
21. Rxc7 Bf8 22. Bb5 Nc5 23. Bxc5 Bxc5 24. Rxa7 Bd4 25. b3 Kf8 26. Kf1 Bc5 27.
Bc6 h6 28. Ra8 Rxa8 29. Bxa8 Ke7 30. Bc6 g5 31. g3 Kd6 32. Ke2 Ke7 33. Kf3 Kd6
34. Kg2 Ke7 35. f3 Kd6 36. Kh3 Ke7 37. Kg4 Kf6 38. h4 Kg6 39. hxg5 hxg5 0-1

[Event "DEM U12/U12w 2000"]
[Site "Überlingen GER"]
[Date "2000.06.05"]
[Round "3"]
[White "Collmann, Jan"]
[Black "Bodenschatz, Monique"]
[Result "1-0"]
[Termination "normal"]
[Board "35"]
[WhiteElo "1076"]
[BlackElo "350"]
[PlyCount "83"]
[EventCountry "GER"]
[EventRounds "11"]
[EventType "swiss"]
[EventDate "2000.06.03"]

1. e4 e5 2. Nf3 Nc6 3. Bc4 Nd4 4. Nxe5 Qg5 5. Ng4 d5 6. Bxd5 Bxg4 7. f3 Bh5 8.
g4 Qh4+ 9. Kf1 Qh3+ 10. Kf2 Bg6 11. Bxb7 Rb8 12. Bd5 Bc5 13. c3 Nxf3+ 14. d4
Nxh2 15. dxc5 Ne7 16. Bf4 Rxb2+ 17. Nd2 Qxc3 18. Rxh2 Qxc5+ 19. Be3 Qc3 20. Rc1
Qd3 21. Bc4 Qxe4 22. Qa4+ c6 23. Rh5 Bxh5 24. Bxf7+ Kxf7 25. Qxe4 Rf8 26. gxh5
Kg8+ 27. Ke2 Nf5 28. Qc4+ Kh8 29. h6 Nxh6 30. Bxh6 Re8+ 31. Kd1 Rd8 32. Qc3
Rdxd2+ 33. Bxd2 Rxa2 34. Qb3 h6 35. Qxa2 h5 36. Qxa7 h4 37. Rxc6 h3 38. Qb8+
Kh7 39. Qh2 Kg8 40. Qxh3 Kf7 41. Qf5+ Kg8 42. Rc8# 1-0

[Event "DEM U12/U12w 2000"]
[Site "Überlingen GER"]
[Date "2000.06.05"]
[Round "3"]
[White "Schöttler, Katharina"]
[Black "Lubbe, Alexander"]
[Result "0-1"]
[Termination "normal"]
[Board "36"]
[WhiteElo "668"]
[BlackElo "1072"]
[PlyCount "88"]
[EventCountry "GER"]
[EventRounds "11"]
[EventType "swiss"]
[EventDate "2000.06.03"]

1. e4 d6 2. d4 g6 3. Nf3 Bg7 4. Nc3 Nf6 5. Be3 a6 6. Qd2 O-O 7. Bh6 b5 8. Bxg7
Kxg7 9. h4 Bb7 10. e5 dxe5 11. Nxe5 Nbd7 12. Qf4 Nd5 13. Qg4 N7f6 14. Qg3 Nxc3
15. bxc3 Ne4 16. Qg4 c5 17. h5 cxd4 18. hxg6 hxg6 19. Qh4 dxc3 20. Qh6+ Kf6 21.
Qf4+ Ke6 22. f3 Qd2+ 23. Qxd2 cxd2+ 24. Ke2 Ng3+ 25. Kxd2 Nxh1 26. Ng4 Ng3 27.
Re1+ Kd7 28. Ne5+ Kc7 29. Ng4 Nxf1+ 30. Rxf1 Kb6 31. Ne5 Rfd8+ 32. Ke3 Bd5 33.
a3 Rac8 34. Kf4 Rxc2 35. g4 a5 36. Kg5 f6+ 37. Kxg6 fxe5 38. Kf5 Rc3 39. g5
Rxf3+ 40. Rxf3 Bxf3 41. Kg6 b4 42. axb4 Rg8+ 43. Kf5 Rxg5+ 44. Kxg5 a4 0-1

[Event "DEM U12/U12w 2000"]
[Site "Überlingen GER"]
[Date "2000.06.05"]
[Round "3"]
[White "Kubernath, Max"]
[Black "Schneider, Christian"]
[Result "1/2-1/2"]
[Termination "normal"]
[Board "37"]
[WhiteElo "572"]
[BlackElo "1028"]
[PlyCount "119"]
[BlackFideId "24613886"]
[EventCountry "GER"]
[EventRounds "11"]
[EventType "swiss"]
[EventDate "2000.06.03"]

1. d4 d5 2. Nc3 c6 3. Bf4 Nd7 4. Nf3 Ngf6 5. e3 e6 6. a3 Be7 7. Bd3 O-O 8. O-O
c5 9. b3 a6 10. Re1 b5 11. Rb1 cxd4 12. exd4 Bxa3 13. b4 Qe7 14. Na2 a5 15. c3
axb4 16. cxb4 Ra7 17. Qb3 Nb6 18. Bxb5 Bd7 19. Bd3 Rfa8 20. Ne5 Ba4 21. Qxa3
Be8 22. Qc3 Rxa2 23. Rb2 Ra1 24. Rxa1 Rxa1+ 25. Rb1 Rxb1+ 26. Bxb1 Qa7 27. h3
Qa4 28. Bc2 Qa7 29. Bg5 Nfd7 30. Nxd7 Nxd7 31. Qd3 f5 32. g4 Bg6 33. gxf5 Bxf5
34. Qe2 Bxc2 35. Qxc2 Qa1+ 36. Qc1 Qxc1+ 37. Bxc1 Kf7 38. Kf1 Nb8 39. Bf4 Nc6
40. b5 Nd8 41. Ke2 Ke7 42. Kd3 Nb7 43. Kc3 Ke8 44. Be5 g6 45. f4 Kd7 46. Kb4
Kc8 47. b6 Nd8 48. Kb5 Kb7 49. Bc7 Nf7 50. Kc5 h6 51. h4 h5 52. Kb5 Nh6 53. Kc5
Nf5 54. Bd8 Kc8 55. Bf6 Kb7 56. Bg5 Kc8 57. Kc6 Nxd4+ 58. Kc5 Nf5 59. Bf6 Kb7
60. Kb5 1/2-1/2

[Event "DEM U12/U12w 2000"]
[Site "Überlingen GER"]
[Date "2000.06.05"]
[Round "3"]
[White "Popovic, Nathalie"]
[Black "Aghadjanian, Aida"]
[Result "0-1"]
[Termination "normal"]
[Board "38"]
[WhiteElo "745"]
[BlackElo "1039"]
[PlyCount "85"]
[WhiteFideId "24630292"]
[EventCountry "GER"]
[EventRounds "11"]
[EventType "swiss"]
[EventDate "2000.06.03"]

1. e4 e6 2. Nf3 d5 3. exd5 exd5 4. d4 Nf6 5. Nc3 Bb4 6. Bd2 Nc6 7. a3 Bd6 8.
Bg5 Be7 9. Be2 O-O 10. O-O Ne4 11. Bxe7 Nxe7 12. Nb1 Ng6 13. Nbd2 Bg4 14. Nxe4
dxe4 15. Nd2 Bxe2 16. Qxe2 Qxd4 17. Rab1 Rfe8 18. Rfe1 Rad8 19. Rbd1 Qa4 20.
Nb3 f5 21. Nc5 Qc6 22. Qc4+ Kh8 23. Qb4 b6 24. Na4 Rd6 25. Qb3 Red8 26. Nc3 a5
27. a4 Qc5 28. g3 c6 29. Rxd6 Rxd6 30. Qf7 Rd8 31. Rd1 Rf8 32. Qe6 Ne5 33. Kg2
Ng4 34. Rf1 h6 35. Ne2 Qxc2 36. Nf4 Rg8 37. Ng6+ Kh7 38. Ne7 Rf8 39. Qg6+ Kh8
40. Nxf5 Rxf5 41. Qxf5 Ne3+ 42. Kg1 Nxf5 43. Re1 0-1

[Event "DEM U12/U12w 2000"]
[Site "Überlingen GER"]
[Date "2000.06.05"]
[Round "3"]
[White "Slobodan, Nadja"]
[Black "Herkt, Julia"]
[Result "0-1"]
[Termination "normal"]
[Board "39"]
[WhiteElo "766"]
[BlackElo "1015"]
[PlyCount "56"]
[EventCountry "GER"]
[EventRounds "11"]
[EventType "swiss"]
[EventDate "2000.06.03"]

1. e4 c5 2. Nf3 d6 3. d4 cxd4 4. Nxd4 Nf6 5. Nc3 g6 6. Be3 Bg7 7. Bd3 O-O 8.
O-O Bd7 9. h3 Nc6 10. Nxc6 bxc6 11. Re1 a5 12. Bf4 a4 13. a3 c5 14. e5 dxe5 15.
Bxe5 Bc6 16. Ne4 Nxe4 17. Bxg7 Nxf2 18. Kxf2 Kxg7 19. Re5 Qd4+ 20. Re3 Qxb2 21.
Qb1 Qf6+ 22. Kg1 Qg5 23. Re2 c4 24. Bxc4 Qc5+ 25. Kh1 Qxc4 26. Rxe7 Qc3 27. Rc7
Qxh3+ 28. Kg1 Qxg2# 0-1

[Event "DEM U12/U12w 2000"]
[Site "Überlingen GER"]
[Date "2000.06.05"]
[Round "3"]
[White "Garzinsky, Dominik"]
[Black "Walker, Maria"]
[Result "1-0"]
[Termination "normal"]
[Board "40"]
[WhiteElo "648"]
[BlackElo "844"]
[PlyCount "131"]
[EventCountry "GER"]
[EventRounds "11"]
[EventType "swiss"]
[EventDate "2000.06.03"]

1. e4 c5 2. f4 Nc6 3. Nf3 d6 4. g3 g6 5. Bg2 Bg7 6. c3 Bd7 7. O-O Nf6 8. Re1
O-O 9. d4 cxd4 10. cxd4 Qb6 11. Kh1 Ng4 12. Qb3 Qxb3 13. axb3 Nxd4 14. Nxd4
Bxd4 15. h3 Nf2+ 16. Kh2 Nd3 17. Rd1 Nxc1 18. Rxc1 Bxb2 19. Rc7 Bxa1 20. Rxd7
Bf6 21. Rxb7 a5 22. e5 dxe5 23. fxe5 Bg7 24. Rxe7 Rab8 25. Nd2 Rfe8 26. Rxe8+
Rxe8 27. Nc4 Ra8 28. Bxa8 Kf8 29. Kg2 Ke7 30. Kf3 Ke6 31. Ke4 h5 32. Bd5+ Ke7
33. Nxa5 f5+ 34. exf6+ Bxf6 35. h4 Kd7 36. b4 Kc7 37. Bf7 Bc3 38. Bxg6 Bxb4 39.
Nc4 Be1 40. Kf3 Kd7 41. Bxh5 Ke7 42. Bg6 Kf6 43. h5 Kg7 44. g4 Kh6 45. Bf5 Kg5
46. Ne5 Bc3 47. Ke4 Kh6 48. Nf7+ Kg7 49. Bg6 Bd2 50. Kf5 Be3 51. g5 Bd4 52. h6+
Kg8 53. h7+ Kf8 54. h8=Q+ Bxh8 55. Nxh8 Kg7 56. Nf7 Kg8 57. Bh5 Kg7 58. g6 Kg8
59. Nh6+ Kg7 60. Kg5 Kh8 61. Nf7+ Kg7 62. Kf5 Kg8 63. Kf6 Kf8 64. g7+ Kg8 65.
Nh6+ Kh7 66. g8=Q+ 1-0

[Event "DEM U12/U12w 2000"]
[Site "Überlingen GER"]
[Date "2000.06.05"]
[Round "3"]
[White "Kessler, Paul"]
[Black "Becker, Nils"]
[Result "0-1"]
[Termination "normal"]
[Board "41"]
[WhiteElo "654"]
[BlackElo "1178"]
[PlyCount "86"]
[BlackFideId "4695216"]
[EventCountry "GER"]
[EventRounds "11"]
[EventType "swiss"]
[EventDate "2000.06.03"]

1. e4 c5 2. Nf3 Nc6 3. d4 cxd4 4. Nxd4 g6 5. Nc3 Bg7 6. Be3 Nf6 7. Be2 O-O 8.
O-O d5 9. exd5 Nb4 10. Ndb5 a6 11. Na3 Nbxd5 12. Nxd5 Nxd5 13. Bd4 Nf6 14. Nc4
Bf5 15. c3 Nd5 16. Bxg7 Kxg7 17. Bf3 Be6 18. Qd4+ Nf6 19. Qxd8 Rfxd8 20. Na5
Bd5 21. Nxb7 Rdb8 22. Bxd5 Nxd5 23. Nc5 Rxb2 24. Rfc1 a5 25. h3 Rc8 26. Na4 Rd2
27. a3 Rc4 28. Rd1 Rxd1+ 29. Rxd1 Nxc3 30. Nxc3 Rxc3 31. Ra1 a4 32. Kf1 Kf6 33.
Ke2 Ke6 34. Kd2 Rb3 35. Kc2 Kd5 36. Rd1+ Kc6 37. Rc1 Kb5 38. Rb1 Rxb1 39. Kxb1
Kc4 40. Kc2 f5 41. g3 e5 42. f3 e4 43. fxe4 fxe4 0-1

[Event "DEM U12/U12w 2000"]
[Site "Überlingen GER"]
[Date "2000.06.05"]
[Round "3"]
[White "Weber, Julia"]
[Black "Becker, Erik"]
[Result "0-1"]
[Termination "normal"]
[Board "42"]
[WhiteElo "452"]
[BlackElo "1068"]
[PlyCount "164"]
[BlackFideId "4696921"]
[EventCountry "GER"]
[EventRounds "11"]
[EventType "swiss"]
[EventDate "2000.06.03"]

1. e4 e5 2. Bc4 Nf6 3. Nc3 Bc5 4. Nf3 Nc6 5. Nd5 h6 6. b4 Bxb4 7. c3 Be7 8. d3
d6 9. Qb3 O-O 10. O-O Na5 11. Qa4 Nxc4 12. Qxc4 Nxd5 13. Qxd5 c6 14. Qb3 b5 15.
Bb2 Bg4 16. Nd2 Bg5 17. Qc2 Qf6 18. f3 Be6 19. Ba3 Rfd8 20. Nb3 a5 21. d4 Be3+
22. Kh1 a4 23. Nd2 exd4 24. c4 Bxd2 25. Qxd2 Bxc4 26. Rfc1 d3 27. Bb2 Qe6 28.
Qc3 f6 29. h4 Qe5 30. Qb4 Qf4 31. Re1 Qxh4+ 32. Kg1 c5 33. Qc3 Qg3 34. a3 Qe5
35. Qd2 Qg5 36. f4 Qg6 37. f5 Qg5 38. Qxg5 hxg5 39. Kf2 d5 40. e5 fxe5 41. Rxe5
Re8 42. Kf3 Rxe5 43. Bxe5 Bb3 44. Kf2 d2 45. Ke2 d1=Q+ 46. Rxd1 Bxd1+ 47. Kxd1
Re8 48. Bd6 c4 49. g4 Re4 50. Kd2 Rxg4 51. Kc3 d4+ 52. Kb4 d3 53. Kc3 Rh4 54.
Bb4 g4 55. Kd2 Rh3 56. Ke1 Rh2 57. Kd1 g3 58. Bd6 Rh1+ 59. Kd2 g2 60. Bc5 g1=Q
61. Bxg1 Rxg1 62. Kc3 Rf1 63. f6 Rxf6 64. Kd2 Rc6 65. Kc3 b4+ 66. axb4 a3 67.
Kd2 a2 68. b5 c3+ 69. Kxd3 a1=Q 70. bxc6 Qa6+ 71. Kxc3 Qxc6+ 72. Kd4 g5 73. Ke3
g4 74. Kf4 Qf3+ 75. Ke5 g3 76. Ke6 g2 77. Ke5 g1=Q 78. Kd6 Qe1 79. Kc5 Qd3 80.
Kb6 Qc1 81. Ka5 Qb3 82. Ka6 Qca3# 0-1

[Event "DEM U12/U12w 2000"]
[Site "Überlingen GER"]
[Date "2000.06.05"]
[Round "3"]
[White "Kesten, Sebastian"]
[Black "Tovmasian, Nelli"]
[Result "1-0"]
[Termination "normal"]
[Board "43"]
[WhiteElo "1047"]
[BlackElo "702"]
[PlyCount "117"]
[WhiteFideId "24616214"]
[BlackFideId "24611735"]
[EventCountry "GER"]
[EventRounds "11"]
[EventType "swiss"]
[EventDate "2000.06.03"]

1. d4 d5 2. c4 dxc4 3. e4 b5 4. a4 c6 5. axb5 cxb5 6. b3 Qc7 7. bxc4 bxc4 8.
Qa4+ Bd7 9. Qxc4 Qxc4 10. Bxc4 e6 11. Ne2 Bb4+ 12. Nbc3 Nc6 13. d5 Nd4 14. O-O
e5 15. Be3 Bxc3 16. Nxc3 Nc2 17. Rxa7 Rxa7 18. Bxa7 Nf6 19. f3 O-O 20. Rc1 Nd4
21. Bxd4 exd4 22. Ne2 Rc8 23. Nxd4 g6 24. Nb3 Ba4 25. Bf1 Rb8 26. Nd4 Rb4 27.
Nc6 Rb7 28. Ne5 Kg7 29. Bd3 Nh5 30. g3 f6 31. Nc4 Rc7 32. Ra1 Bb5 33. Rb1 Bxc4
34. Rc1 Kh6 35. Rxc4 Rxc4 36. Bxc4 Kg7 37. f4 Kf7 38. e5 f5 39. d6+ Ke8 40. e6
Ng7 41. e7 h6 42. h4 h5 43. Kg2 Kd7 44. Bb5+ Ke6 45. e8=Q+ Nxe8 46. Bxe8 Kxd6
47. Bxg6 Ke6 48. Bxh5 Kf6 49. Kf3 Kg7 50. g4 fxg4+ 51. Kxg4 Kf6 52. f5 Kg7 53.
Kg5 Kf8 54. f6 Kg8 55. f7+ Kh7 56. f8=R Kg7 57. Rf7+ Kg8 58. Kh6 Kh8 59. Rf8#
1-0

[Event "DEM U12/U12w 2000"]
[Site "Überlingen GER"]
[Date "2000.06.05"]
[Round "3"]
[White "Roj, Michaela"]
[Black "Hammerich, Nadine"]
[Result "1/2-1/2"]
[Termination "normal"]
[Board "44"]
[WhiteElo "1028"]
[BlackElo "675"]
[PlyCount "22"]
[EventCountry "GER"]
[EventRounds "11"]
[EventType "swiss"]
[EventDate "2000.06.03"]

1. e4 e5 2. Nf3 Nc6 3. Nc3 Nf6 4. Bc4 Bb4 5. O-O Bxc3 6. dxc3 Nxe4 7. Bd5 Nf6
8. Bg5 O-O 9. Qd2 d6 10. h3 Qe7 11. Be4 Be6 1/2-1/2

[Event "DEM U12/U12w 2000"]
[Site "Überlingen GER"]
[Date "2000.06.05"]
[Round "3"]
[White "Elstner, Eik"]
[Black "Laake, Jasmin"]
[Result "1-0"]
[Termination "normal"]
[Board "45"]
[WhiteElo "1027"]
[BlackElo "633"]
[PlyCount "139"]
[WhiteFideId "24605581"]
[BlackFideId "4699939"]
[EventCountry "GER"]
[EventRounds "11"]
[EventType "swiss"]
[EventDate "2000.06.03"]

1. d3 e5 2. e4 Nf6 3. f4 d6 4. Nf3 Nc6 5. Nc3 Be7 6. g3 Bg4 7. Bg2 Qd7 8. Bd2
Nd4 9. O-O O-O-O 10. Be3 Qe6 11. f5 Qd7 12. Qd2 Nxf3+ 13. Bxf3 Kb8 14. Bg2 d5
15. exd5 Bxf5 16. Qf2 Ng4 17. Bxa7+ Ka8 18. Qxf5 Kxa7 19. Qxd7 Rxd7 20. Kh1 Bc5
21. Bh3 h5 22. Bxg4 hxg4 23. Kg2 Kb8 24. a3 g6 25. Rf6 Bd4 26. Raf1 Rh7 27. Nd1
e4 28. R6f4 f5 29. dxe4 Be5 30. R4f2 fxe4 31. c4 Rhe7 32. Nc3 e3 33. Re2 Bxc3
34. bxc3 c6 35. Rd1 Ka7 36. Rd4 Kb6 37. Rxg4 cxd5 38. Rxg6+ Kc5 39. cxd5 Rxd5
40. Rg4 Rd3 41. h4 Rxc3 42. a4 Rd3 43. h5 Rh7 44. Rh4 Rd4 45. g4 Re4 46. Kf3
Kd4 47. h6 Kd3 48. Rhh2 Kd4 49. g5 Re6 50. Kg4 Kd3 51. Kf5 Ra6 52. g6 Rxh6 53.
Rxe3+ Kxe3 54. Rxh6 Rxa4 55. g7 Rf4+ 56. Kg5 Rf1 57. Rh4 Kf3 58. Rf4+ Ke2 59.
Rxf1 Kxf1 60. g8=Q Ke2 61. Qb3 b6 62. Qxb6 Kd3 63. Qc5 Ke4 64. Kf6 Kf4 65. Qe5+
Kg4 66. Qf5+ Kh4 67. Qg5+ Kh3 68. Qg1 Kh4 69. Qg2 Kh5 70. Qg5# 1-0

[Event "DEM U12/U12w 2000"]
[Site "Überlingen GER"]
[Date "2000.06.05"]
[Round "3"]
[White "Varbelow, Richard"]
[Black "Mayer, Carina"]
[Result "1-0"]
[Termination "normal"]
[Board "46"]
[WhiteElo "968"]
[BlackElo "401"]
[PlyCount "25"]
[EventCountry "GER"]
[EventRounds "11"]
[EventType "swiss"]
[EventDate "2000.06.03"]

1. e4 e5 2. Nf3 Nc6 3. d4 exd4 4. Nxd4 Nxd4 5. Qxd4 Nf6 6. e5 Nh5 7. Be2 g6 8.
O-O d6 9. Rd1 Bf5 10. exd6 cxd6 11. Qxh8 Bxc2 12. Re1 Nf6 13. Bb5# 1-0

[Event "DEM U12/U12w 2000"]
[Site "Überlingen GER"]
[Date "2000.06.05"]
[Round "3"]
[White "Mader, Michael"]
[Black "Hahn, Eva-Katharina"]
[Result "1-0"]
[Termination "normal"]
[Board "47"]
[WhiteElo "949"]
[BlackElo "392"]
[PlyCount "92"]
[WhiteFideId "4696913"]
[EventCountry "GER"]
[EventRounds "11"]
[EventType "swiss"]
[EventDate "2000.06.03"]

1. e4 Nc6 2. d4 Nf6 3. Nc3 e5 4. dxe5 Nxe5 5. Bg5 Bc5 6. f4 Neg4 7. Bh4 d6 8.
h3 Qd7 9. hxg4 Nxg4 10. Be2 Qc6 11. Bxg4 Bb4 12. Bxc8 Qxe4+ 13. Qe2 Bxc3+ 14.
bxc3 Qxe2+ 15. Nxe2 Rxc8 16. O-O O-O 17. f5 Rce8 18. Nd4 Re4 19. Bg3 Rg4 20.
Bh2 Re8 21. Rae1 Rxe1 22. Rxe1 Kf8 23. Nb5 g6 24. fxg6 Rxg6 25. Nxc7 Kg7 26.
Rd1 h5 27. Nb5 h4 28. Nxd6 h3 29. g3 b5 30. Nxb5 f5 31. Nxa7 f4 32. Rd3 Re6 33.
gxf4 Re1+ 34. Kf2 Rh1 35. Rxh3 Rc1 36. Nb5 Rxc2+ 37. Ke3 Rxa2 38. Rg3+ Kf6 39.
Bg1 Rb2 40. c4 Rb3+ 41. Kf2 Rb4 42. Rc3 Rb2+ 43. Ke3 Rg2 44. Bf2 Rxf2 45. Kxf2
Kf5 46. c5 Kxf4 1-0

[Event "DEM U12/U12w 2000"]
[Site "Überlingen GER"]
[Date "2000.06.05"]
[Round "3"]
[White "Goedeke-Tort, Maheba"]
[Black "Dietzen, Corinna"]
[Result "0-1"]
[Termination "normal"]
[Board "48"]
[WhiteElo "916"]
[BlackElo "385"]
[PlyCount "42"]
[BlackFideId "24621021"]
[EventCountry "GER"]
[EventRounds "11"]
[EventType "swiss"]
[EventDate "2000.06.03"]

1. e4 e5 2. Nf3 Nc6 3. Bc4 Bc5 4. d3 Nf6 5. Nc3 d6 6. h3 h6 7. O-O O-O 8. Be3
Be6 9. Bxe6 fxe6 10. Bxc5 dxc5 11. Qd2 Nh5 12. Rad1 Qf6 13. Ne2 Qg6 14. Kh2 Nf4
15. Nxf4 Rxf4 16. Nxe5 Qf6 17. Nxc6 bxc6 18. Rfe1 Rxf2 19. Qa5 Qe5+ 20. Kg1 Qg3
21. Qd2 Qxg2# 0-1

[Event "DEM U12/U12w 2000"]
[Site "Überlingen GER"]
[Date "2000.06.05"]
[Round "4"]
[White "Braun, Arik"]
[Black "Wenger, Carsten"]
[Result "1-0"]
[Termination "normal"]
[Board "1"]
[WhiteElo "2139"]
[BlackElo "1567"]
[PlyCount "97"]
[WhiteFideId "4663527"]
[EventCountry "GER"]
[EventRounds "11"]
[EventType "swiss"]
[EventDate "2000.06.03"]

1. d4 d5 2. c4 e6 3. Nc3 Nf6 4. Bg5 Nbd7 5. cxd5 exd5 6. e3 c6 7. Nf3 Be7 8.
Bd3 O-O 9. O-O Re8 10. Qc2 Nf8 11. h3 Ne4 12. Bf4 Nxc3 13. Qxc3 Bd6 14. Bxd6
Qxd6 15. b4 a6 16. Ne5 Nd7 17. Nxd7 Bxd7 18. Rab1 Re6 19. Qc5 Qc7 20. Rfc1 Rh6
21. Qxd5 Qc8 22. Qf3 Qd8 23. Rc5 Be6 24. Bc4 Rf6 25. Qe2 Bf5 26. Bd3 Be6 27.
Rh5 g6 28. Re5 Bd7 29. Rd1 Re6 30. Rxe6 Bxe6 31. Bc4 Bd7 32. a3 Qg5 33. Qf3 Rf8
34. Bb3 Qb5 35. e4 a5 36. Qc3 axb4 37. Qxb4 Qg5 38. Qd2 Qe7 39. Qd3 Re8 40. Re1
Kh8 41. Bc4 Ra8 42. Re3 b5 43. Ba2 b4 44. Qb3 Be6 45. d5 Rxa3 46. Qb2+ Kg8 47.
dxe6 Rxe3 48. exf7+ Kf8 49. Qh8# 1-0